<?xml version="1.0" encoding="UTF-8"?>
<collection xmlns="http://www.loc.gov/MARC21/slim">
<record>
  <controlfield tag="001">144931</controlfield>
  <controlfield tag="005">20240920135617.0</controlfield>
  <datafield tag="024" ind1="7" ind2=" ">
    <subfield code="2">doi</subfield>
    <subfield code="a">10.14201/shhme2023412113136</subfield>
  </datafield>
  <datafield tag="024" ind1="8" ind2=" ">
    <subfield code="2">sideral</subfield>
    <subfield code="a">139747</subfield>
  </datafield>
  <datafield tag="037" ind1=" " ind2=" ">
    <subfield code="a">ART-2023-139747</subfield>
  </datafield>
  <datafield tag="041" ind1=" " ind2=" ">
    <subfield code="a">spa</subfield>
  </datafield>
  <datafield tag="100" ind1=" " ind2=" ">
    <subfield code="a">Viu Fandos, María</subfield>
    <subfield code="0">(orcid)0000-0003-3329-3148</subfield>
  </datafield>
  <datafield tag="245" ind1=" " ind2=" ">
    <subfield code="a">En virtut del Privilegio de los Vint.  El enfrentamiento entre Zaragoza y Tortosa por el pago de impuestos sobre el comercio a mediados del siglo XV</subfield>
  </datafield>
  <datafield tag="260" ind1=" " ind2=" ">
    <subfield code="c">2023</subfield>
  </datafield>
  <datafield tag="520" ind1="3" ind2=" ">
    <subfield code="a">Este trabajo presenta un conflicto entre las ciudades de Zaragoza y Tortosa entre 1450 y 1473 en relación con el pago de tasas sobre la actividad comercial. En particular, se abordan los problemas surgidos en torno a la interpretación del Privilegio de los Veinte, otorgado a los habitantes de Zaragoza en 1129, y el alcance de las exenciones fiscales en él contenidas. Con el objetivo de conocer las vías utilizadas para dar respuesta a los desacuerdos comerciales, se analizan varios procesos de reclamación iniciados por mercaderes zaragozanos ante los jurados de su ciudad que permiten seguir la evolución de las relaciones entre las dos ciudades y los factores sociopolíticos que intervinieron y determinaron la conclusión del enfrentamiento. Todo ello ha permitido comprobar la implementación de una estrategia consciente por parte de los jurados y los mercaderes de Zaragoza encaminada a la elusión de la fiscalidad comercial tortosina.</subfield>
  </datafield>
  <datafield tag="506" ind1="0" ind2=" ">
    <subfield code="a">Access copy available to the general public</subfield>
    <subfield code="f">Unrestricted</subfield>
  </datafield>
  <datafield tag="540" ind1=" " ind2=" ">
    <subfield code="9">info:eu-repo/semantics/openAccess</subfield>
    <subfield code="a">by-nc-nd</subfield>
    <subfield code="u">http://creativecommons.org/licenses/by-nc-nd/3.0/es/</subfield>
  </datafield>
  <datafield tag="592" ind1=" " ind2=" ">
    <subfield code="a">0.411</subfield>
    <subfield code="b">2023</subfield>
  </datafield>
  <datafield tag="593" ind1=" " ind2=" ">
    <subfield code="a">History</subfield>
    <subfield code="c">2023</subfield>
    <subfield code="d">Q1</subfield>
  </datafield>
  <datafield tag="594" ind1=" " ind2=" ">
    <subfield code="a">0.7</subfield>
    <subfield code="b">2023</subfield>
  </datafield>
  <datafield tag="655" ind1=" " ind2="4">
    <subfield code="a">info:eu-repo/semantics/article</subfield>
    <subfield code="v">info:eu-repo/semantics/publishedVersion</subfield>
  </datafield>
  <datafield tag="773" ind1=" " ind2=" ">
    <subfield code="g">41, 2 (2023), 113-136</subfield>
    <subfield code="p">Stud. hist., Hist. mediev.</subfield>
    <subfield code="t">Studia Historica. Historia Medieval</subfield>
    <subfield code="x">0213-2060</subfield>
  </datafield>
  <datafield tag="856" ind1="4" ind2=" ">
    <subfield code="s">155728</subfield>
    <subfield code="u">http://zaguan.unizar.es/record/144931/files/texto_completo.pdf</subfield>
    <subfield code="y">Versión publicada</subfield>
  </datafield>
  <datafield tag="856" ind1="4" ind2=" ">
    <subfield code="s">1338625</subfield>
    <subfield code="u">http://zaguan.unizar.es/record/144931/files/texto_completo.jpg?subformat=icon</subfield>
    <subfield code="x">icon</subfield>
    <subfield code="y">Versión publicada</subfield>
  </datafield>
  <datafield tag="909" ind1="C" ind2="O">
    <subfield code="o">oai:zaguan.unizar.es:144931</subfield>
    <subfield code="p">articulos</subfield>
    <subfield code="p">driver</subfield>
  </datafield>
  <datafield tag="951" ind1=" " ind2=" ">
    <subfield code="a">2024-09-20-13:00:50</subfield>
  </datafield>
  <datafield tag="980" ind1=" " ind2=" ">
    <subfield code="a">ARTICLE</subfield>
  </datafield>
</record>
</collection>